| Tag |
First Indicator |
Second Indicator |
Subfields |
| LEADER |
00000cam a2200000 a 4500 |
| 001 |
in00001492011 |
| 005 |
20151021091658.0 |
| 008 |
981117s1999 nju b 000 1 eng |
| 010 |
|
|
|a 98052808
|
| 020 |
|
|
|a 0813526620 (cloth : alk. paper)
|
| 020 |
|
|
|a 0813526639 (paper : alk. paper)
|
| 035 |
|
|
|a (OCoLC)40403694
|
| 035 |
|
|
|9 AJK2228AM
|
| 040 |
|
|
|a DLC
|c DLC
|d LAS
|d TXA
|d UtOrBLW
|
| 042 |
|
|
|a pcc
|
| 049 |
|
|
|a TXAM
|
| 050 |
0 |
0 |
|a PN6071.H713
|b W54 1999
|
| 082 |
0 |
0 |
|a 808.3/108358
|2 21
|
| 245 |
0 |
0 |
|a When night fell :
|b an anthology of Holocaust short stories /
|c edited by Linda Schermer Raphael and Marc Lee Raphael.
|
| 264 |
|
1 |
|a New Brunswick, N.J. :
|b Rutgers University Press,
|c [1999]
|
| 264 |
|
4 |
|c ©1999
|
| 300 |
|
|
|a xix, 300 pages ;
|c 25 cm.
|
| 336 |
|
|
|a text
|b txt
|2 rdacontent
|
| 337 |
|
|
|a unmediated
|b n
|2 rdamedia
|
| 338 |
|
|
|a volume
|b nc
|2 rdacarrier
|
| 504 |
|
|
|a Includes bibliographical references (pages 295-297).
|
| 505 |
0 |
|
|a The night / S.Y. Agnon -- My father's deaths / Yehuda Amichai -- Bertha. Kitty / Aharon Appelfeld -- "Heil, Hitler!" / Sholem Asch -- A plaque on Via Mazzini / Giorgio Bassani -- Artists in the ghetto. Berele in the ghetto. Bread. Children of the Lodz Ghetto. The last journey / Rachmil Bryks -- The boxing match / Chaver paver -- The death of Tsaritsa / Ida (Stein) Fink -- The season of the dead / Pierre Gascar -- My quarrel with Hersh Rasseyner / Chaim Grade -- Uncle Aron / Henryk Grynberg -- The road of no return / Rachel Haring Korn -- The lemon. Stephen and Anne / Arnos̆t Lustig -- Old words - new meanings / Sara Nomberg-Przytyk -- The teacher / Hans Peter Richter -- A ghetto dog / Isaiah Spiegel -- The ban / Leonard Tushnet -- Liberator. My mother's war / S.L. Wisenberg -- Conrad in the ghetto / Jerzy Zawieyski.
|
| 650 |
|
0 |
|a Holocaust, Jewish (1939-1945)
|v Fiction.
|
| 650 |
|
0 |
|a Short stories, Jewish
|x Translations into English.
|
| 700 |
1 |
|
|a Raphael, Linda Schermer,
|d 1943-
|
| 700 |
1 |
|
|a Raphael, Marc Lee.
|
| 948 |
|
|
|a c:blr
|
| 999 |
|
|
|a MARS
|
| 999 |
f |
f |
|s af6ef53f-a42d-3cc6-aef0-e64a7a896e1a
|i f21c652d-e755-3c2b-9126-cb894252721f
|t 0
|
| 952 |
f |
f |
|p ric
|a Texas A&M University
|b Rellis Campus
|c Joint Library Facility
|d Remote Storage
|t 0
|e PN6071.H713 W54 1999
|h Library of Congress classification
|i unmediated -- volume
|m A14825185377
|
| 998 |
f |
f |
|a PN6071.H713 W54 1999
|t 0
|l Remote Storage
|